000 00742nam a22002890a 4500
001 PT34094
003 AR-LpoUNG
005 20210131230144.0
008 191001s1993||||mx |||||||||||||||||spa d
020 _a9681641140
_c$9
040 _aAR-LpoUNG
_bspa
_cAR-LpoUNG
_eaacr
041 _aspa
044 _amx
082 0 _a808.068 3 63ale
100 1 _aOram, Hiawyn
245 1 0 _aAlex quiere un dinosaurio
250 _a1ra. ed.
260 _aMéxico, D. F. :
_bFondo de Cultura Económica,
_c1993.
300 _a[26] p. :
_bil.
650 4 _aCUENTOS
650 4 _aLITERATURA
651 4 _aDOCUMENTOS TEORICOS O METODOLOGICOS
653 _aLITERATURA INFANTIL
700 1 _aKitamura, Satoshi
905 _a34094
942 _cLIB
999 _c1790
_d1790